An Adventure in Statistics: The Reality Enigma Andy Field (Record no. 4653)
[ view plain ]
| 005 - DATE AND TIME OF LATEST TRANSACTION | |
|---|---|
| control field | 20250623132412.0 |
| 020 ## - INTERNATIONAL STANDARD BOOK NUMBER | |
| International Standard Book Number | 978-1-4462-1045-1 |
| 082 ## - DEWEY DECIMAL CLASSIFICATION NUMBER | |
| Classification number | 370.705 ADV |
| 245 ## - TITLE STATEMENT | |
| Title | An Adventure in Statistics: The Reality Enigma Andy Field |
| 260 ## - PUBLICATION, DISTRIBUTION, ETC. | |
| Place of publication, distribution, etc. | London |
| Name of publisher, distributor, etc. | ILES. J |
| Date of publication, distribution, etc. | 2016. |
| 300 ## - PHYSICAL DESCRIPTION | |
| Extent | 746p,; ill, figure, table & picture |
| Other physical details | Appendix, Glossary & Index |
| Dimensions | 23cm |
| 942 ## - ADDED ENTRY ELEMENTS (KOHA) | |
| Source of classification or shelving scheme | Dewey Decimal Classification |
| Koha item type | Books |
| Date last seen | Total checkouts | Full call number | Barcode | Cost, replacement price | Price effective from | Koha item type | Lost status | Source of classification or shelving scheme | Damaged status | Not for loan | Withdrawn status | Home library | Current library | Shelving location | Date acquired | Cost, normal purchase price |
|---|---|---|---|---|---|---|---|---|---|---|---|---|---|---|---|---|
| 06/23/2025 | 370.705FIE | DOM0003583 | 16500.00 | 06/23/2025 | Books | Dewey Decimal Classification | CBE Dodoma | CBE Dodoma | Special Reserve Collection | 10/30/2003 | 5500.00 |
